Devinez la série ! #2 - Statistiques

Statistiques générales
  • Ce quiz a été pris 434 fois
  • Le résultat moyen est 5 sur 12
Statistiques - réponses
Série Réponse % Correct
Une bande d'amis à New York Friends
77%
Le dragueur psycopathe You
67%
Des nauvragés sur une île Lost
64%
Le moustachu qui vend de la drogue Narcos
52%
Le sorceleur The Witcher
47%
Un médecin bizarre Dr House
45%
Un aveugle qui se bagarre Daredevil
37%
L'avocat véreux Better Call Saul
32%
Le charcutier Dexter
32%
Une famille Américaine déjantée Malcolm
30%
Le politicien qui devient président House of Cards
28%
Le célibataire drôle La Flamme
1%
Aucun quiz correspondant
Distribution des résultats
% des personnes avec chaque résultat
Percentile par nombre de réponses
Votre historique - résultats
Vous n’avez pas pris ce quiz